Normal view MARC view

Entry Topical Term

Number of records used in: 1

001 - CONTROL NUMBER

  • control field: 66786

003 - CONTROL NUMBER IDENTIFIER

  • control field: dpl

005 - DATE AND TIME OF LATEST TRANSACTION

  • control field: 20240522162422.0

008 - FIXED-LENGTH DATA ELEMENTS

  • fixed length control field: 240522|| aca||aabn | a|a d

040 ## - CATALOGING SOURCE

  • Original cataloging agency: dpl
  • Transcribing agency: dpl

150 ## - HEADING--TOPICAL TERM

  • Topical term or geographic name as entry element: हिन्दी

670 ## - SOURCE DATA FOUND

  • Source citation: Work cat.: (dpl)203195: भुटानी, सुरेन्द्र 66785, पयाम-ए-ज़िन्दगी फिर सुना/, 2024

© Delhi Public Library
Hit Counter
free hit counter